| 000 | 00808cam a22002653a 4500 | ||
|---|---|---|---|
| 001 | 20043 | ||
| 003 | PGUSA | ||
| 005 | 20140828083426.0 | ||
| 008 | 061206s2006||||xxu|||||s|||||000 1 eng d | ||
| 040 |
_aPGUSA _beng |
||
| 042 | _adc | ||
| 050 | 4 | _aPZ | |
| 100 | 1 | _aHiggins, Charlotte M. | |
| 245 | 1 | 4 |
_aThe Angel Children ; _bor, Stories from Cloud-Land _h[electronic resource] / _cCharlotte M. Higgins |
| 260 |
_bProject Gutenberg, _c2006 |
||
| 500 | _aSeries: Rosy Diamond story books for girls | ||
| 506 | _aPublic domain in the USA. | ||
| 516 | _aElectronic text | ||
| 653 | _aAngels -- Juvenile fiction | ||
| 653 | _aChristian life -- Juvenile fiction | ||
| 653 | _aChildren's stories | ||
| 830 | 0 |
_aProject Gutenberg _v20043 |
|
| 856 | 4 | 0 | _uhttp://www.gutenberg.org/ebooks/20043 |
| 942 | _cEB | ||
| 999 |
_c249298 _d249298 |
||